000 01154nam a22002291a 4500
001 12123
003 OSt
005 20260204212312.0
008 150304s2014||||dr ||||||b||||||||||spa||
090 _aEDU-MF 2014 E91
100 _aEvangelista Cleto, Greisy Cristina
_esustentante
245 1 _aEvaluación del proceso de enseñanza - aprendizaje del área de matemática del liceo Fernando Arturo de Meriño del Distrito Educativo 16-03 de Cevicos, durante el año escolar 2013-2014 / Greisy Cristina Evangelista Cleto y Ramona Polanco Veloz. Asesor: Wilson Lucilo Heredia Amparo
260 _aCotuí, República Dominicana :
_bUTECO,
_c2014
300 _a 89 hojas :
_bIlustraciones ;
_c28cm.
502 _aTrabajo de grado (Educación mención Matemática y Física)--Universidad Tecnológica del Cibao Oriental, 2014
504 _aIncluye referencia bibliográfica e índice
650 4 _aEvaluación del proceso de enseñanza
700 1 _a Polanco Veloz, Ramona
_esustentante
700 1 _a Heredia Amparo, Wilson Lucilo
_easesor
830 _aTesis y disertaciones académicas (Universidad Tecnológica del Cibao Oriental)
942 _2LC
_cTH
999 _c12123
_d12123